Statistiques concernant Culture Générale - Série 1497

Cliquez ici pour prendre le quiz!

Statistiques générales

  • Ce quiz a été pris 56 fois
  • Le résultat moyen est 6 sur 10

Statistiques - réponses

QuestionRéponse% Correct
Avec quel accessoire fait-on du hula hoop ?cerceau
96%
Sur son album "Infréquentable", Bénabar nous chante "L'effet...papillon
73%
Complétez la chanson de Renaud : "Arrache-toi d'là, t'es pas d'ma bande. Casse-toi, tu pues, et ...marche à l'ombre
71%
De quel État des États-Unis la ville de Salt Lake City est-elle la capitale ?Utah
63%
Le criminel français surnommé "le Barbe-Bleue de Gambais" s'appelait Henri Désiré...Landru
59%
De quel royaume européen l'île de Curaçao est-elle un territoire autonome ?Pays-Bas
57%
Depuis combien d'années un couple qui fête ses noces de chêne est-il marié ?80
49%
D'après le titre du César du meilleur film en 1993, comment étaient les nuits de Cyril Collard et Romane Bohringer ?fauves
43%
Au XIVe siècle, quelle partie du corps des cavaliers était protégée par l'élément de leur armure appelé "soleret" ?pied
31%
Dans la bande-dessinée de Tronchet, quel est le prénom du héros appelé Tergal ?Jean-Claude
8%

Distribution des résultats

Percentile par nombre de réponses

% des personnes avec chaque résultat

Votre développement - résultats

Vous n’avez pas pris ce quiz